000 00604nam a22002297a 4500
003 UA-OsUOA
001 51871
007 ta
008 20080123b un ||||| |||| 00| 0 ukr d
100 _aМрелашвили Л.
090 _a821.353.1
_bМ88
942 _cBK
040 _aUA-OsUOA
_brus
_cUA-OsUOA
_dUA-OsUOA
245 _aКабахи
_bРоман
300 _a750 с.
955 _a3
041 _arus
080 _a821.353.1
260 _aМ.
_bСоветский писатель
_c1978
650 7 _a82 Література. Літературознавство
_2UDC
999 _c337946
_d337946